书目信息 |
| 题名: |
高等数学辅导讲义
|
|
| 作者: | 张宇 主编 | |
| 分册: | ||
| 出版信息: | 西安 西安交通大学出版社 2012.10 |
|
| 页数: | 24页 | |
| 开本: | 28cm | |
| 丛书名: | ||
| 单 册: | ||
| 中图分类: | O13 | |
| 科图分类: | ||
| 主题词: | 高等数学 | |
| 电子资源: | ||
| ISBN: | 7-5605-4080-5 | |
| 000 | 00593nam0 2200205 450 | |
| 001 | 1657454567 | |
| 005 | 20160620155925.84 | |
| 010 | @a7-5605-4080-5@dCNY32.00 | |
| 100 | @a20160620d2012 km y0chiy0120 ea | |
| 101 | 0 | @achi |
| 102 | @aCN@b610000 | |
| 200 | 1 | @a高等数学辅导讲义@Agao deng shu xue fu dao jiang yi@f张宇主编@Fzhang yu zhu bian |
| 205 | @a3版 | |
| 210 | @a西安@c西安交通大学出版社@d2012.10 | |
| 215 | @a24页@d28cm | |
| 606 | 0 | @a高等数学 |
| 690 | @aO13@v4 | |
| 701 | 0 | @a张宇@Azhang yu@4主编 |
| 801 | 0 | @aCN@b大连网信软件有限公司图书馆·11@c20160620 |
| 905 | @aZUCC@dO13@eZ2396=3 | |
| 高等数学辅导讲义/张宇主编.-3版.-西安:西安交通大学出版社,2012.10 |
| 24页;28cm |
| ISBN 7-5605-4080-5:CNY32.00 |
| ● |
| 相关链接 |
|
|
|
正题名:高等数学辅导讲义
索取号:O13/Z2396=3
 
预约/预借
| 序号 | 登录号 | 条形码 | 馆藏地/架位号 | 状态 | 备注 |
| 1 | 1235924 | 212359240 | 自科库401/401自科库 108排1列2层/ [索取号:O13/Z2396=3] | 在馆 |